Normal view
MARC view
- Nawaz, Syed (320506)
Entry Personal Name
001 - CONTROL NUMBER
- control field: 118217
003 - CONTROL NUMBER IDENTIFIER
- control field: NUST
005 - DATE AND TIME OF LATEST TRANSACTION
- control field: 20230926091734.0
008 - FIXED-LENGTH DATA ELEMENTS
- fixed length control field: 230926|| aca||aabn | a|a d
040 ## - CATALOGING SOURCE
- Original cataloging agency: NUST
- Transcribing agency: NUST
100 ## - HEADING--PERSONAL NAME
- Personal name: Nawaz, Syed (320506)
670 ## - SOURCE DATA FOUND
- Source citation: Work cat.: (NUST)603200: Nawaz, Syed (320506), Strontium and Copper Co-doped Nickel Oxide Hole Transport Layer for Efficient and Stable Perovskite Solar Cells /, 2022
